000 01208aam a2200313 i 4500
001 768714001
003 CO-MdFUSB
005 20210917144157.0
007 ta
008 210917t1927 -us |||| |||| 00| 0 eng d
020 _a[No incluye ISBN]
040 _bspa.
_aCO-MdFUSB
_cCO-MdFUSB
_dCO-MdFUSBC
_erda
041 _aeng
082 0 4 _a922
_223
_bT8826f
100 1 _aTsuchiyama, Tetsuji
_eautor
245 1 0 _aFrom darkness to light
_c/ Tetsuji Tsuchiyama
264 0 _aChicago, ILL., USA :
_bLight and Life Press,
_c[1927]
300 _a64 páginas
_c; 18 cm
336 _2rdacontent
_atexto
_btxt
337 _2rdamedia
_asin mediación
_bn
338 _2rdacarrier
_avolumen
_bnc
505 _aCriado un budista. -- Yendo a américa. -- Inspiración de la mañana. -- Mi conversión. -- Ensayos. -- Mi llamado al ministerio. -- La experiencia mas profunda. -- Oposición. -- Almas ganadoras. -- Preparación adicional. -- Mis padres se convirtieron. -- Mi trabajo en Japón. -- El trabajo metodista libre en Japón. -- El campo de la cosecha
563 _aTapa dura
650 7 _921
_aVida religiosa
653 _aCatecúmenos
942 _cBK
945 _aJTF-925
999 _c40759
_d40759